000 01806nam0a2200421 4500
001 RU\NLR\bibl\199926
005 20250619092825.0
010 _a5-277-02232-5
_bВ пер.
_95000
021 _aRU
_b2001-5438
_9264
035 _a(NLR Aleph) 000196301
090 _a1136576
_c1136576
100 _a20011022d2001 |||y0rusy50 ca
101 0 _arus
_aeng
102 _aRU
105 _ay g |||||
200 1 _aТерминологический справочник судоводителя по ведению дел и документации на английском языке
_fВ. И. Бобин
210 _aМ.
_cТранспорт
_cПолитех-4
_d2001
215 _a271 с.
_d24
300 _aТекст на англ. и рус. яз.
300 _aЗагл. корешка: Справочник судоводителя на английском языке
320 _aБиблиогр.: с. 270
606 0 _aРусский язык
_xТерминология судовождения
_xСловари
_xАнглийский язык
_91409353
_3RU\NLR\auth\66593687
610 0 _aСудовождение морское - Словари русско-английские
610 0 _aРусско-английские словари по судовождению
610 0 _aСловари по судовождению русско-английские
675 _a656.61.052(038)=164.1=111
_v3
_zrus
686 _a73.34
_2rugasnti
686 _a39.471я2
_2rubbk
686 _aШ141.12-434.1
686 _aШ143.12-434.2
700 1 _aБобин
_gВиктор Иванович
_4070
801 0 _aRU
_bRKP
_c20011022
_gPSBO
801 1 _aRU
_bRKP
_c20011022
801 2 _aRU
_bNLR
_c20011119
_grcr
942 _cBOOK
980 _aNB